عرض عادي
عرض مارك
- Ohnabe, Hisaichi.
مدخل إسم شخص
001 - رقم الضبط
- حقل الضبط: 74274
003 - معرف رقم الضبط
- حقل الضبط: OSt
005 - تاريخ ووقت أخر عملية
- حقل الضبط: 20190820151532.0
008 - عناصر بيانات ثابتة الطول
- حقل تحكم ثابت الطول: 190820|| aca||aabn | a|a d
040 ## - مصدر الفهرسة
- هيئة الفهرسة الأصلية: OSt
- وكالة الكتابة: OSt
100 ## - مدخل -- أسم شخص
- إسم شخص: Ohnabe, Hisaichi.
670 ## - بيانات المصدر موجوده
- الاستشهاد بالمصدر: Work cat.: (OSt)0: An introduction to rehabilitation engineering /, c2007.
